Pays de 1 milliard à 60 millions d'habitants - Statistiques

Statistiques générales
  • Ce quiz a été pris 332 fois
  • Le résultat moyen est 20 sur 24
Statistiques - réponses
Population Pays % Correct
1 425 178 782 Chine
100%
341 814 420 États-Unis
100%
64 881 830 France
99%
1 441 719 852 Inde
99%
143 957 079 Russie
98%
83 252 474 Allemagne
97%
217 637 297 Brésil
96%
122 631 432 Japon
94%
129 388 467 Mexique
92%
279 798 049 Indonésie
86%
67 961 439 Royaume-Uni
86%
245 209 815 Pakistan
84%
229 152 217 Nigeria
81%
105 625 114 République démocratique du Congo
80%
114 484 252 Égypte
79%
71 885 799 Thaïlande
78%
61 020 221 Afrique du Sud
77%
174 701 211 Bangladesh
74%
89 809 781 Iran
72%
86 260 417 Turquie
72%
99 497 680 Viêt Nam
68%
119 106 224 Philippines
62%
129 719 719 Éthiopie
60%
69 419 073 Tanzanie
40%
Aucun quiz correspondant
Distribution des résultats
% des personnes avec chaque résultat
Percentile par nombre de réponses
Votre historique - résultats
Vous n’avez pas pris ce quiz